| 000 | 00310cam a22001097a 4500 | ||
|---|---|---|---|
| 008 | 180718b1994 xxu||||| |||| 00| 0 eng d | ||
| 100 | _aMeghval, Kusum | ||
| 245 |
_aBharatiya nari ke uddarak Dr.B.R. ambedker _cby Kusum Meghval |
||
| 260 |
_aNew Delhi _bSamyak Prakashan _c1994 |
||
| 300 | _a144p. | ||
| 650 | _aNari | ||
| 999 |
_c439065 _d439065 |
||